[Event "Ottawa RA Spring op"]
[Site "Ottawa"]
[Date "2013.02.16"]
[Round "3"]
[White "Pichardo, Agustin"]
[Black "Zhang, Zhiyuan"]
[Result "1/2-1/2"]
[WhiteElo "2100"]
[BlackElo "1953"]
[PlyCount "92"]
[EventDate "2013.02.15"]
[EventType "swiss"]
[EventRounds "5"]
[EventCountry "CAN"]
[SourceTitle "EXT 2022"]
[Source "ChessBase"]
[SourceDate "2021.10.06"]
[SourceVersion "1"]
[SourceVersionDate "2021.10.06"]
[SourceQuality "1"]

1. c4 c6 2. Nf3 d5 3. g3 Nf6 4. Bg2 dxc4 5. Nc3 Bf5 6. Qa4 Nbd7 7. Qxc4 e5 8. d3 h6 9. 0-0 Bd6 10. Nd2 0-0 11. Nde4 Nb6 12. Qb3 Nxe4 13. Nxe4 Be6 14. Qc2 Qd7 15. Bxh6 f5 16. Nxd6 Qxd6 17. Be3 Nd7 18. Rfc1 Rf7 19. Bc5 Qc7 20. b4 a6 21. Qb2 Qd8 22. Bd6 Qf6 23. f4 exf4 24. Qxf6 Nxf6 25. gxf4 Rd8 26. Be5 Nd5 27. a3 Rfd7 28. Kf2 Kf7 29. h4 Rh8 30. Rh1 Nf6 31. Bf3 Bd5 32. Bxf6 Kxf6 33. e4 Bb3 34. Be2 Rhd8 35. e5+ Kf7 36. Rac1 Rd4 37. Ke3 a5 38. bxa5 Ra4 39. Rc3 Bd5 40. Rb1 Rd7 41. Bf3 Rxa5 42. Bxd5+ Raxd5 43. Rb6 Ra5 44. Rcb3 Ra7 45. Kd2 Ke6 46. Kc3 Kd5 1/2-1/2

[Event "Montreal Mercredi 05"]
[Site "Montreal"]
[Date "2011.06.08"]
[Round "4"]
[White "Pichardo, Agustin"]
[Black "Gauthier, Denis"]
[Result "0-1"]
[WhiteElo "2100"]
[BlackElo "2112"]
[PlyCount "110"]
[EventDate "2011.05.18"]
[EventType "swiss"]
[EventRounds "5"]
[EventCountry "CAN"]
[SourceTitle "EXT 2022"]
[Source "ChessBase"]
[SourceDate "2021.10.06"]
[SourceVersion "1"]
[SourceVersionDate "2021.10.06"]
[SourceQuality "1"]

1. c4 e5 2. Nf3 Nc6 3. Nc3 Nf6 4. g3 Nd4 5. Bg2 Nxf3+ 6. Bxf3 Bb4 7. Qc2 0-0 8. 0-0 Re8 9. d3 h6 10. a3 Bxc3 11. Qxc3 d5 12. cxd5 Nxd5 13. Qc5 c6 14. b4 Bh3 15. Rd1 Qd7 16. Qc2 Qe7 17. b5 Bd7 18. Rb1 Rac8 19. Qd2 Qd6 20. b6 Nxb6 21. Qa5 e4 22. Bf4 Qd5 23. Qxd5 Nxd5 24. dxe4 Nc3 25. Rxb7 Nxd1 26. Rxd7 Nc3 27. Rxa7 Ra8 28. Rc7 Rec8 29. Re7 Rxa3 30. Bg4 Rd8 31. Rc7 Ra6 32. Bc8 Ra1+ 33. Kg2 Nxe2 34. Be5 Ra8 35. Bd7 Ra5 36. Bd6 Nd4 37. Be7 Rda8 38. Bb4 R5a7 39. Rxa7 Rxa7 40. Bg4 Ne6 41. Be2 c5 42. Bc3 Ra3 43. Be5 Nd4 44. Bc4 Ra4 45. Bd5 Ne6 46. f4 Nd4 47. h4 h5 48. f5 Rb4 49. Kf2 Rb2+ 50. Ke3 Re2+ 51. Kd3 Rg2 52. Ke3 Rb2 53. Kf4 Rb4 54. Bd6 Rb5 55. Kg5 Nc2 0-1